| 000 | 01591nam a2200265Ia 4500 | ||
|---|---|---|---|
| 003 | Ost | ||
| 005 | 20260507075248.0 | ||
| 008 | 260507s9999||||xx |||||||||||||| ||und|| | ||
| 020 | _a472169957 | ||
| 040 | _cfsecg | ||
| 041 | _aara | ||
| 082 | _a330 | ||
| 100 |
_aالطائي، محمد عبد حسين _eمؤلف |
||
| 245 | 0 |
_aنظم المعلومات الاستراتيجية : _bمنظور الميزة الاستراتيجية / _c محمد عبد حسين الطائي |
|
| 260 |
_aعمان: _bدار الثقافة, _c2009 |
||
| 300 |
_a304 صفحة؛ _bإيضاحات ؛ _c24 سم |
||
| 504 | _aمراجع ص.299 ؛ ملحق المصطلحات ص.287 | ||
| 520 | _aمفهوم نظم المعلومات الإستراتيجية ومبررات ظهورها- المعلومات الإستراتيجية وخصائصها- فاعلية نظم المعلومات الإستراتيجية- التخطيط لتصميم نظم المعلومات الإستراتيجية- دور نظم المعلومات الإستراتيجية في بناء الميزة التنافسية- التطبيقات الإستراتيجية لنظم المعلومات الإستراتيجية- نماذج نظم المعلومات الإستراتيجية ومتطلبات تطبيقها في الدول النامية. | ||
| 653 | _aإدارة الاعمال | ||
| 653 | _aالادارة | ||
| 653 | _aالمعلومات | ||
| 653 | _aنظم المعلومات- المؤسسة الممتدة | ||
| 700 |
_aالخفاجي، نعمة عباس خضير _eمؤلف ثانوي |
||
| 942 | _cكتاب | ||
| 999 |
_c43670 _d43670 |
||